Management oriented management information systems (Record no. 390208)

MARC details
000 -LEADER
fixed length control field 00718nam a22002537a 4500
003 - CONTROL NUMBER IDENTIFIER
control field OSt
005 - DATE AND TIME OF LATEST TRANSACTION
control field 20220924113617.0
008 - FIXED-LENGTH DATA ELEMENTS--GENERAL INFORMATION
fixed length control field 220923b |||||||| |||| 00| 0 eng d
037 ## - SOURCE OF ACQUISITION
Terms of availability General Books
040 ## - CATALOGING SOURCE
Original cataloging agency ARTS
Transcribing agency ARTS
Language of cataloging eng
041 ## - LANGUAGE CODE
Source of code eng
Language code of text/sound track or separate title eng
100 ## - MAIN ENTRY--PERSONAL NAME
Personal name Kanter Jerome
9 (RLIN) 149086
245 #0 - TITLE STATEMENT
Title Management oriented management information systems
250 ## - EDITION STATEMENT
Edition statement 2nd
260 ## - PUBLICATION, DISTRIBUTION, ETC.
Place of publication, distribution, etc. New Delhi
Name of publisher, distributor, etc. Printice Hall of India
Date of publication, distribution, etc. 1978
300 ## - PHYSICAL DESCRIPTION
Extent xxxvi,428p.
650 ## - SUBJECT ADDED ENTRY--TOPICAL TERM
Topical term or geographic name entry element ECONOMICS
942 ## - ADDED ENTRY ELEMENTS (KOHA)
Classification part X:89M0bD65,8(B), L8 (2)
Koha item type General Books
Source of classification or shelving scheme Colon Classification (CC)
Holdings
Withdrawn status Lost status Source of classification or shelving scheme Damaged status Not for loan Home library Current library Date acquired Total Checkouts Full call number Barcode Date last seen Price effective from Koha item type
    Colon Classification (CC)     Arts Library Arts Library 2022-09-24   X:89M0bD65,8(B) L8 AL0684629 2022-09-24 2022-09-24 General Books
Copyright @ Delhi University Library System